000 00484nam a2200193Ia 4500
005 20140402152402.0
008 140130s9999 xx 000 0 und d
020 _a0439466237
050 _aPZ 7
_b.J153585Ss 2003
100 _aJames, B. J.
245 _cB. J. James.
_aSupertwins Meet The Bad Dogs /
260 _bScholastic,
_c2003.
_aUSA :
300 _a30 p. :
_bcol. ill. ;
_c23 cm.
440 _v1
521 _aBR
526 _cBR
942 _cBK
_2lcc
999 _c41561
_d41561